| 000 | 00410nam a2200181Ia 4500 | ||
|---|---|---|---|
| 008 | 221030s9999 xx 000 0 und d | ||
| 020 | _a1861524722 | ||
| 041 | _aEnglish | ||
| 082 |
_a105.23 _bDoo |
||
| 100 | _aI. Doole | ||
| 245 | 0 | _aInternational Marketing Strategy | |
| 250 | _a2nd | ||
| 260 |
_bExcel Books _aIndia _c2003 |
||
| 300 | _a572 | ||
| 650 | _aManagement | ||
| 700 | _aR. Lowe | ||
| 942 | _cBK | ||
| 999 |
_c1081 _d1081 |
||